[Event "14th ECh U20 Girls"]
[Site "Tallinn EST"]
[Date "1997.09.15"]
[Round "6"]
[White "Sorli, Maja"]
[Black "Smajlovic, Lejla"]
[Result "1-0"]
[WhiteElo "2005"]
[BlackElo "2130"]
[EventDate "1997.09.10"]
[PlyCount "31"]

1.e4 e6 2.d4 d5 3.exd5 exd5 4.Nf3 Bd6 5.c4 c6 6.Nc3 Ne7 7.Bd3 Nd7 8.O-O 
dxc4 9.Bxc4 O-O 10.Re1 Nb6 11.Bb3 h6 12.Ne4 Bg4 13.Bxh6 Bxf3 14.Qxf3 gxh6 
15.Qf6 Ng6 16.Qxg6+ 1-0

[Event "14th ECh U20 Girls"]
[Site "Tallinn EST"]
[Date "1997.09.15"]
[Round "6"]
[White "Lang, Heather"]
[Black "Vark, Liina"]
[Result "1/2-1/2"]
[WhiteElo "2060"]
[BlackElo "2040"]
[EventDate "1997.09.10"]
[PlyCount "116"]

1.e4 e5 2.Nf3 Nc6 3.Bb5 a6 4.Ba4 Nf6 5.d4 exd4 6.O-O Be7 7.Re1 O-O 8.e5 
Nd5 9.Nxd4 Nxd4 10.Qxd4 Nb6 11.Bb3 d6 12.exd6 Qxd6 13.Qe4 Bf6 14.c3 c6 15.
Bf4 Qd7 16.Bc2 g6 17.Na3 Qd8 18.Bh6 Bg7 19.Rad1 Bd7 20.Bxg7 Kxg7 21.Bb3 
Kg8 22.Qb4 a5 23.Qc5 a4 24.Bc2 Qc7 25.Re7 Rac8 26.Qd4 Nd5 27.Rxd7 Qxd7 28.
c4 Rfd8 29.cxd5 Qxd5 30.Qxd5 Rxd5 31.Bxa4 Re8 32.Kf1 Rde5 33.Nc2 b5 34.Bb3
c5 35.Ne3 Ra8 36.a3 c4 37.Bc2 c3 38.bxc3 Rxa3 39.Ng4 Re6 40.Bd3 Rxc3 41.
Bxb5 Rc2 42.Re1 Rb6 43.Ne3 Rb2 44.Bc4 Rb7 45.g3 Ra7 46.Kg2 Kg7 47.Rd1 Re7 
48.Kf3 Rc7 49.h4 h5 50.Rd4 Re7 51.Rf4 Rd2 52.g4 hxg4+ 53.Rxg4 Rb7 54.Kg3 
Kh6 55.Bd5 Rd7 56.Bc6 Rc7 57.Bd5 Rd7 58.Bc4 Rb7 1/2-1/2

[Event "14th ECh U20 Girls"]
[Site "Tallinn EST"]
[Date "1997.09.16"]
[Round "7"]
[White "Tkeshelashvili, Sopio"]
[Black "Lomineishvili, Maia"]
[Result "1-0"]
[WhiteElo "2270"]
[BlackElo "2350"]
[EventDate "1997.09.10"]
[PlyCount "103"]

1.e4 c5 2.Nf3 Nc6 3.d4 cxd4 4.Nxd4 Nf6 5.Nc3 d6 6.Bg5 e6 7.Qd2 a6 8.O-O-O 
h6 9.Bf4 Bd7 10.Nxc6 Bxc6 11.f3 e5 12.Be3 b5 13.Kb1 Be7 14.g4 b4 15.Nd5 
Bxd5 16.exd5 Qb8 17.h4 Nd7 18.Bh3 a5 19.g5 Nb6 20.gxh6 gxh6 21.Qd3 Na4 22.
Bf1 Kf8 23.Qb5 Qxb5 24.Bxb5 Nc5 25.Bxc5 dxc5 26.d6 Bf6 27.Rd5 Rd8 28.d7 
Rg8 29.Rxc5 Rg3 30.Bc6 a4 31.Rb5 a3 32.Rxb4 axb2 33.a4 Ke7 34.Rd1 Rh3 35.
a5 Rxh4 36.Be4 Bg5 37.a6 Be3 38.Rb3 Bf2 39.Kxb2 Rf4 40.Rb5 Rf6 41.Rxe5+ 
Re6 42.Ra5 Ba7 43.Bf5 Re3 44.Ka2 Rb8 45.Be4 f6 46.Rh5 Rd8 47.Rxh6 Bc5 48.
Rh7+ Ke6 49.Bd5+ Kd6 50.Rf7 Ra3+ 51.Kb2 Ke5 52.Bb3 1-0

[Event "14th ECh U20 Girls"]
[Site "Tallinn EST"]
[Date "1997.09.16"]
[Round "7"]
[White "Aksiuczyc, Monika"]
[Black "Kononenko, Tatiana"]
[Result "1/2-1/2"]
[WhiteElo "2180"]
[BlackElo "2275"]
[EventDate "1997.09.10"]
[PlyCount "128"]

1.e4 e6 2.d4 d5 3.Nd2 Nf6 4.e5 Nfd7 5.Bd3 c5 6.c3 b6 7.Ne2 Ba6 8.Bc2 Nc6 
9.Nf3 Be7 10.O-O Qc7 11.Re1 h6 12.b3 cxd4 13.cxd4 Nb4 14.Bb1 Rc8 15.Bd2 
Nc2 16.Bxc2 Qxc2 17.Rc1 Qxd1 18.Rxc8+ Bxc8 19.Rxd1 Ba6 20.Ng3 Nb8 21.Rc1 
Kd7 22.Nh5 Rg8 23.Ne1 Nc6 24.Be3 Ba3 25.Rb1 Bb4 26.g4 Be7 27.Rc1 Ba3 28.
Rb1 Be7 29.Rc1 Be2 30.h3 a5 31.f4 Nb4 32.f5 exf5 33.Nf4 Bg5 34.gxf5 Bxf4 
35.Bxf4 Nd3 36.Nxd3 Bxd3 37.e6+ fxe6 38.Rc7+ Kd8 39.fxe6 Re8 40.Rc3 Bb1 
41.Bc7+ Ke7 42.Bxb6 Bxa2 43.Re3 Bb1 44.Bc5+ Kf6 45.e7 g6 46.Bb6 Kf7 47.Bd8
g5 48.Kf2 Bf5 49.Kg3 Be6 50.Rf3+ Kg7 51.Rf2 h5 52.Ra2 h4+ 53.Kg2 Kf7 54.
Rxa5 Rg8 55.Ra1 g4 56.Rf1+ Ke8 57.b4 gxh3+ 58.Kh2 Rg2+ 59.Kh1 Bf7 60.Rf4 
Rb2 61.Rxh4 Rxb4 62.Kh2 Rb3 63.Rxh3 Rxh3+ 64.Kxh3 Be6+ 1/2-1/2

[Event "14th ECh U20 Girls"]
[Site "Tallinn EST"]
[Date "1997.09.16"]
[Round "7"]
[White "Radziewicz, Iweta"]
[Black "Werner, Isabel"]
[Result "1/2-1/2"]
[WhiteElo "2220"]
[BlackElo "2220"]
[EventDate "1997.09.10"]
[PlyCount "113"]

1.d4 d6 2.Nf3 Bg4 3.c4 Nd7 4.d5 e5 5.dxe6 Bxe6 6.e4 Bg4 7.Nc3 Ngf6 8.Be3 
g6 9.Qb3 Qc8 10.Nd4 Bg7 11.f3 Nc5 12.Qc2 Bd7 13.Nd5 c6 14.Nc3 O-O 15.Be2 
Qc7 16.O-O Rfe8 17.Qd2 a5 18.Bf2 Rad8 19.Rfd1 Bc8 20.Rac1 Nfd7 21.Bf1 Nf8 
22.b3 Nfe6 23.Nxe6 Bxe6 24.Bd3 Nxd3 25.Qxd3 f5 26.Na4 fxe4 27.fxe4 c5 28.
Nc3 Bxc3 29.Qxc3 b6 30.Rd2 Bc8 31.Re1 Bb7 32.Bh4 Rd7 33.Qd3 Qc6 34.Qd5+ 
Qxd5 35.exd5 Rxe1+ 36.Bxe1 Bc8 37.Bg3 Rd8 38.Re2 Kf7 39.Rf2+ Kg7 40.Bh4 
Rd7 41.Rf6 a4 42.Re6 axb3 43.axb3 b5 44.cxb5 Bb7 45.Bg3 Bxd5 46.Rxd6 Rxd6 
47.Bxd6 Bxb3 48.g4 h5 49.Kf2 Kf6 50.b6 Bd5 51.Bxc5 hxg4 52.Ke3 Ke5 53.Ba3 
Bb7 54.Bb2+ Kd5 55.Kf4 Kc6 56.Bd4 Bc8 57.Kg3 1/2-1/2

[Event "14th ECh U20 Girls"]
[Site "Tallinn EST"]
[Date "1997.09.16"]
[Round "7"]
[White "Cmilyte, Viktorija"]
[Black "Miloradovic, Jelena"]
[Result "1-0"]
[WhiteElo "2220"]
[BlackElo "2105"]
[EventDate "1997.09.10"]
[PlyCount "95"]

1.d4 f5 2.c4 Nf6 3.g3 e6 4.Bg2 d5 5.Nf3 c6 6.O-O Bd6 7.b3 Qe7 8.a4 O-O 9.
Ba3 Bxa3 10.Nxa3 Nbd7 11.Nc2 e5 12.dxe5 Nxe5 13.Nxe5 Qxe5 14.cxd5 Nxd5 15.
Bxd5+ Qxd5 16.Qxd5+ cxd5 17.Rfd1 Be6 18.Nd4 Kf7 19.Rac1 Rfc8 20.Nb5 Rc6 
21.b4 a6 22.Nd4 Rxc1 23.Rxc1 Rc8 24.Rb1 Rc4 25.e3 Bd7 26.a5 Kf6 27.b5 axb5
28.Nxb5 Rc5 29.Nd4 Bc8 30.Rb6+ Ke7 31.Nb3 Rc6 32.Rb5 Kd6 33.Kg2 Ra6 34.Kf3
Ra7 35.Rb6+ Kc7 36.Kf4 Rxa5 37.Rxb7+ Kxb7 38.Nxa5+ Kb6 39.Nb3 g6 40.Kg5 
Kb5 41.Kh6 Kc4 42.Nd4 Kd3 43.h4 Kd2 44.Kxh7 Ke1 45.Kxg6 Kxf2 46.h5 Kxe3 
47.h6 f4 48.gxf4 1-0

[Event "14th ECh U20 Girls"]
[Site "Tallinn EST"]
[Date "1997.09.16"]
[Round "7"]
[White "Ilchuk, Elena"]
[Black "Javakhishvili, Eka"]
[Result "1/2-1/2"]
[WhiteElo "2180"]
[BlackElo "2105"]
[EventDate "1997.09.10"]
[PlyCount "92"]

1.e4 c5 2.c3 d5 3.exd5 Qxd5 4.d4 Nc6 5.Nf3 Bg4 6.Be2 cxd4 7.cxd4 e6 8.Nc3 
Qa5 9.O-O Nf6 10.h3 Bh5 11.Be3 Be7 12.a3 O-O 13.b4 Qd8 14.Qb3 Bxf3 15.Bxf3
Nxd4 16.Bxd4 Qxd4 17.Bxb7 Rab8 18.Rad1 Qb6 19.Bf3 Rfd8 20.Rxd8+ Rxd8 21.
Rd1 Rxd1+ 22.Nxd1 h6 23.Qc3 Bd6 24.Qc8+ Kh7 25.Qc2+ Kg8 26.Qd3 Nd7 27.Qc3 
Qc7 28.Qxc7 Bxc7 29.Nc3 Kf8 30.Nb5 Bb6 31.a4 a5 32.bxa5 Bxa5 33.Nd4 Nb8 
34.Kf1 Ke7 35.Ke2 Kd6 36.Nb3 Bb6 37.Be4 Na6 38.Bd3 Nc5 39.Nxc5 Bxc5 40.a5 
Ke5 41.Bb5 Kd5 42.Be8 f5 43.Bf7 g5 44.f3 g4 45.hxg4 fxg4 46.fxg4 Kc6 
1/2-1/2

[Event "14th ECh U20 Girls"]
[Site "Tallinn EST"]
[Date "1997.09.16"]
[Round "7"]
[White "Andreescu, Nicoleta Aurora"]
[Black "Martyniuk, Tatiana"]
[Result "0-1"]
[WhiteElo "2120"]
[BlackElo "2120"]
[EventDate "1997.09.10"]
[PlyCount "70"]

1.e4 e5 2.Bc4 Nf6 3.Nc3 Bc5 4.d3 c6 5.Bg5 d6 6.Nge2 Bxf2+ 7.Kd2 h6 8.Qf1 
Bb6 9.Bxf6 Qxf6 10.Qxf6 gxf6 11.Rhf1 Bd8 12.Ng3 a5 13.a3 Be6 14.Nf5 Kd7 
15.Rf2 b5 16.Bb3 Na6 17.Ne2 Nc5 18.Ba2 h5 19.Neg3 h4 20.Nf1 d5 21.exd5 
cxd5 22.N1e3 Kc6 23.h3 Rh5 24.Ng7 Rg5 25.Nef5 Bb6 26.Raf1 Rh8 27.Ne7+ Kd7 
28.Ngf5 Nxd3 29.cxd3 Bxf2 30.Rxf2 Rhh5 31.Bxd5 Bxd5 32.Nxd5 Rxf5 33.Nxf6+ 
Ke6 34.Ne4 Rxf2+ 35.Nxf2 Rg5 0-1

[Event "14th ECh U20 Girls"]
[Site "Tallinn EST"]
[Date "1997.09.16"]
[Round "7"]
[White "Lang, Heather"]
[Black "Ciganikova, Andrea"]
[Result "0-1"]
[WhiteElo "2060"]
[BlackElo "2140"]
[EventDate "1997.09.10"]
[PlyCount "114"]

1.e4 c5 2.Nc3 Nc6 3.g3 g6 4.Bg2 Bg7 5.d3 e6 6.Be3 d6 7.Qd2 Rb8 8.Nge2 Nd4 
9.Nd1 b5 10.O-O b4 11.Nc1 Qa5 12.c3 bxc3 13.bxc3 Nc6 14.Qc2 Nge7 15.Nb3 
Qc7 16.f4 O-O 17.Nb2 Na5 18.Rfc1 Rd8 19.Nxa5 Qxa5 20.Nc4 Qc7 21.d4 Ba6 22.
Nd2 Nc8 23.Nb3 c4 24.Nd2 Qa5 25.g4 Ne7 26.Rf1 f5 27.gxf5 exf5 28.Nf3 h6 
29.Nh4 Bf6 30.Bf2 Bb7 31.Rae1 Re8 32.Re3 Bxe4 33.Bxe4 fxe4 34.Qxe4 Qd5 35.
Qc2 Bxh4 36.Bxh4 Nf5 37.Rxe8+ Rxe8 38.Bg3 Qe4 39.Qxe4 Rxe4 40.d5 Nxg3 41.
hxg3 Re3 42.Kf2 Rxc3 43.Rb1 Rc2+ 44.Ke3 Rxa2 45.Rb7 Ra3+ 46.Ke4 Rxg3 47.
Rd7 h5 48.Rxd6 h4 49.Ke5 c3 50.Rc6 h3 51.d6 Kf7 52.Rc7+ Ke8 53.Ke6 Re3+ 
54.Kf6 h2 55.Rh7 c2 56.Rh8+ Kd7 57.Rh7+ Kxd6 0-1

[Event "14th ECh U20 Girls"]
[Site "Tallinn EST"]
[Date "1997.09.16"]
[Round "7"]
[White "Abbasova, Aiguioun"]
[Black "Sorli, Maja"]
[Result "1-0"]
[WhiteElo "2190"]
[BlackElo "2005"]
[EventDate "1997.09.10"]
[PlyCount "83"]

1.e4 e5 2.Nf3 Nf6 3.d4 Nxe4 4.Bd3 Nc6 5.Bxe4 d5 6.Bd3 e4 7.Be2 exf3 8.Bxf3
Be7 9.O-O O-O 10.Nc3 Be6 11.Ne2 Bf6 12.c3 Ne7 13.Nf4 Ng6 14.Nxe6 fxe6 15.
g3 Qd7 16.Bg2 c6 17.f4 Rf7 18.Qd3 Nf8 19.Be3 Qd6 20.Rae1 Re8 21.Kh1 Nd7 
22.b3 Bd8 23.Bh3 Nf6 24.Bc1 Rfe7 25.Re2 Qd7 26.Ba3 Rf7 27.Bc1 Ne4 28.Bg2 
Nd6 29.Rfe1 Bc7 30.Ba3 Nf5 31.Bh3 g6 32.Bb2 Rf6 33.Bg2 Qg7 34.Bc1 Qh6 35.
g4 Bxf4 36.Bxf4 Qxf4 37.gxf5 Rxf5 38.Rf1 Qg4 39.Rxf5 gxf5 40.Bxd5 Kf7 41.
Bf3 Qh4 42.Qe3 1-0

[Event "14th ECh U20 Girls"]
[Site "Tallinn EST"]
[Date "1997.09.17"]
[Round "8"]
[White "Trofimova, Olga"]
[Black "Lomineishvili, Maia"]
[Result "1/2-1/2"]
[WhiteElo "2335"]
[BlackElo "2350"]
[EventDate "1997.09.10"]
[PlyCount "186"]

1.c4 e5 2.Nc3 Nc6 3.g3 g6 4.Bg2 Bg7 5.Rb1 a5 6.a3 Nf6 7.b4 axb4 8.axb4 O-O
9.e3 Ne7 10.Nge2 d5 11.cxd5 Nexd5 12.Nxd5 Nxd5 13.O-O Bg4 14.h3 Be6 15.Kh2
c6 16.d3 Qe7 17.Bd2 Rfd8 18.Qc2 Nc7 19.Ra1 Rxa1 20.Rxa1 Qd7 21.Nc1 Nb5 22.
Ra5 Bd5 23.Bf1 Qf5 24.f4 exf4 25.gxf4 Qh5 26.Bg2 Bxg2 27.Kxg2 Qd5+ 28.e4 
Qh5 29.Be1 b6 30.Ra2 Nd4 31.Qf2 b5 32.Rd2 Bh6 33.Qe3 Qe5 34.Rf2 Qe6 35.Qg3
Bg7 36.Bd2 f5 37.e5 Qd5+ 38.Kh2 Ra8 39.Qg2 Qd7 40.Be3 Ne6 41.Rc2 Ra6 42.d4
Bh6 43.Ne2 Bf8 44.Ng3 Kf7 45.Qd2 Nc7 46.Qe1 Nd5 47.Bd2 Ke6 48.Nf1 Be7 49.
Qb1 Qa7 50.Qb2 Qa8 51.Ng3 Qf8 52.Qc1 Qe8 53.Rb2 Qd7 54.Ne2 Bf8 55.Qc2 Qa7 
56.Kg2 Qa8 57.Kh2 Ra3 58.Nc1 Nb6 59.Ra2 Nc4 60.Rxa3 Qxa3 61.Nd3 Qa1 62.Be3
Qa4 63.Qg2 Qa8 64.Bf2 Be7 65.h4 Qe8 66.Qh1 Qd7 67.Qa1 Qd5 68.Kg1 Nd2 69.
Qa8 Nf3+ 70.Kf1 Qe4 71.Qg8+ Kd7 72.Nc5+ Bxc5 73.dxc5 Nh2+ 74.Kg1 Nf3+ 75.
Kf1 Qc4+ 76.Qxc4 Nd2+ 77.Ke2 Nxc4 78.Kd3 Ke6 79.Kd4 Nd2 80.Ke3 Ne4 81.Be1 
Kd5 82.Kd3 h6 83.Bd2 Nf2+ 84.Ke2 Ng4 85.Kd3 Nh2 86.Be1 Nf3 87.Ke2 Nxe1 88.
Kxe1 g5 89.hxg5 hxg5 90.fxg5 Kxe5 91.Ke2 f4 92.Kf3 Kf5 93.g6 Kxg6 1/2-1/2

[Event "14th ECh U20 Girls"]
[Site "Tallinn EST"]
[Date "1997.09.17"]
[Round "8"]
[White "Werner, Isabel"]
[Black "Bobrowska, Monika"]
[Result "0-1"]
[WhiteElo "2220"]
[BlackElo "2360"]
[EventDate "1997.09.10"]
[PlyCount "96"]

1.e4 e6 2.d4 d5 3.Nc3 Nf6 4.e5 Nfd7 5.f4 c5 6.Nf3 Nc6 7.Be3 a6 8.Qd2 b5 9.
dxc5 Bxc5 10.Bxc5 Nxc5 11.Qf2 Qb6 12.Bd3 b4 13.Ne2 a5 14.O-O Ba6 15.Kh1 
Ne7 16.Ng3 g6 17.Ne2 Na4 18.Qxb6 Nxb6 19.Ned4 O-O 20.a3 Bxd3 21.cxd3 Na4 
22.b3 Nc5 23.Rfd1 Rfc8 24.a4 Na6 25.Rac1 Rc3 26.Ng1 Nf5 27.Nge2 Nxd4 28.
Nxd4 Rac8 29.Ne2 d4 30.Kg1 Rd8 31.Kf1 Nc5 32.Nxc3 bxc3 33.Rc2 Rb8 34.Rb1 
Nxd3 35.Rd1 Nb4 36.Rcc1 Nc6 37.Ke2 Rd8 38.Kd3 Nb4+ 39.Kc4 c2 40.Rd2 d3 41.
Kb5 Rd5+ 42.Kb6 f6 43.exf6 Kf7 44.g4 Kxf6 45.h3 h5 46.Kb7 h4 47.Kb6 e5 48.
fxe5+ Kxe5 0-1

[Event "14th ECh U20 Girls"]
[Site "Tallinn EST"]
[Date "1997.09.17"]
[Round "8"]
[White "Radziewicz, Iweta"]
[Black "Tkeshelashvili, Sopio"]
[Result "0-1"]
[WhiteElo "2220"]
[BlackElo "2270"]
[EventDate "1997.09.10"]
[PlyCount "118"]

1.c4 Nf6 2.Nc3 c6 3.e4 d5 4.cxd5 cxd5 5.e5 Ng8 6.d4 Nc6 7.Be3 Bf5 8.Qb3 
Qd7 9.Qxd5 Qxd5 10.Nxd5 O-O-O 11.Nc3 Nxd4 12.Bxd4 Rxd4 13.Nf3 Rd8 14.Bb5 
e6 15.Rc1 Kb8 16.O-O Be7 17.h3 h5 18.Be2 Nh6 19.a3 g5 20.Nh2 g4 21.hxg4 
hxg4 22.g3 Rd2 23.b4 Rc8 24.Rfe1 Bg5 25.Nf1 Rb2 26.Ne3 Rb3 27.Bc4 Bxe3 28.
Bxb3 Bxc1 29.Rxc1 Be4 30.Ne2 Rh8 31.Bc2 Bf3 32.Kf1 Ng8 33.Ke1 Rh5 34.Nf4 
Rxe5+ 35.Kd2 Nf6 36.Bd3 Rg5 37.Bc4 Rg8 38.Ke3 Rc8 39.Nd3 Nd7 40.Bb5 Rxc1 
41.Nxc1 Nb6 42.Be8 f6 43.Bf7 Nc4+ 44.Kf4 Bd5 45.Be8 Nxa3 46.Kxg4 Nc2 47.
Nd3 Bc4 48.Nc5 Kc7 49.Bf7 Nd4 50.Kh5 f5 51.g4 b6 52.g5 bxc5 53.g6 Nc6 54.
g7 Ne7 55.bxc5 Kc6 56.Kg5 Kxc5 57.Kf6 Kd6 58.f4 a5 59.Be8 Bb3 0-1

[Event "14th ECh U20 Girls"]
[Site "Tallinn EST"]
[Date "1997.09.17"]
[Round "8"]
[White "Cmilyte, Viktorija"]
[Black "Aksiuczyc, Monika"]
[Result "1-0"]
[WhiteElo "2220"]
[BlackElo "2180"]
[EventDate "1997.09.10"]
[PlyCount "111"]

1.d4 Nf6 2.c4 c5 3.d5 b5 4.cxb5 a6 5.bxa6 Bxa6 6.Nc3 d6 7.g3 g6 8.Bg2 Bg7 
9.Nh3 Nbd7 10.O-O O-O 11.Qc2 Qc7 12.Rb1 c4 13.Rd1 Nc5 14.Be3 Rfb8 15.Bd4 
Bc8 16.f3 Bf5 17.e4 Bxh3 18.Bxh3 Nd3 19.Nb5 Rxb5 20.Rxd3 Rxa2 21.Rdd1 Nh5 
22.Bxg7 Kxg7 23.Kh1 Nf6 24.Bf1 Rc5 25.Ra1 Qa5 26.Rxa2 Qxa2 27.Qc3 Rb5 28.
Rd2 Qb1 29.Kg2 Rb3 30.Qd4 c3 31.bxc3 Qc1 32.c4 Rb1 33.Qf2 Nd7 34.Rc2 Qd1 
35.Qe2 Qd4 36.Qd2 Qb6 37.Qf2 Qb3 38.Qd4+ f6 39.Qc3 Qb6 40.Rc1 Rb3 41.Qd2 
Ne5 42.Be2 Rb2 43.Rc2 Rb1 44.Rc1 Rb2 45.Rc2 Rb1 46.c5 dxc5 47.f4 Nf7 48.
Qe3 Nd6 49.e5 Nf5 50.Qxc5 fxe5 51.fxe5 Ne3+ 52.Kh3 Nxc2 53.Qxe7+ Kg8 54.d6
Qc6 55.Bg4 Nd4 56.d7 1-0

[Event "14th ECh U20 Girls"]
[Site "Tallinn EST"]
[Date "1997.09.17"]
[Round "8"]
[White "Javakhishvili, Eka"]
[Black "Savitskaya, Ekaterina"]
[Result "1/2-1/2"]
[WhiteElo "2105"]
[BlackElo "2260"]
[EventDate "1997.09.10"]
[PlyCount "37"]

1.d4 f5 2.g3 Nf6 3.Bg2 e6 4.Nf3 Be7 5.O-O O-O 6.c4 d6 7.Nc3 Qe8 8.e3 a5 9.
Ne1 e5 10.dxe5 dxe5 11.e4 Nc6 12.Nd5 Bd8 13.exf5 Bxf5 14.b3 Qg6 15.Bb2 Kh8
16.Nf3 Bg4 17.h3 Bxf3 18.Bxf3 Nxd5 19.Bxd5 1/2-1/2

[Event "14th ECh U20 Girls"]
[Site "Tallinn EST"]
[Date "1997.09.17"]
[Round "8"]
[White "Ciganikova, Andrea"]
[Black "Ilchuk, Elena"]
[Result "1/2-1/2"]
[WhiteElo "2140"]
[BlackElo "2180"]
[EventDate "1997.09.10"]
[PlyCount "96"]

1.e4 e6 2.d4 d5 3.Nd2 Nf6 4.e5 Ne4 5.Bd3 Nxd2 6.Qxd2 c5 7.Nf3 cxd4 8.Qf4 
Qc7 9.Nxd4 Nc6 10.Nxc6 bxc6 11.O-O f6 12.Qh4 f5 13.Re1 Be7 14.Bg5 Bxg5 15.
Qxg5 O-O 16.Re3 a5 17.h4 Ba6 18.Qf4 Bxd3 19.cxd3 Rab8 20.b3 Rb4 21.d4 c5 
22.Rc1 Qa7 23.Rd3 cxd4 24.Rcd1 Rc8 25.Rxd4 Qc5 26.g3 Qc2 27.R1d2 Qb1+ 28.
Kg2 Rxd4 29.Qxd4 Rc1 30.Qa4 Qe4+ 31.Qxe4 fxe4 32.Re2 Rc3 33.Kf1 Kf7 34.Ke1
Kg6 35.g4 h5 36.gxh5+ Kf5 37.Re3 Rxe3+ 38.fxe3 Kxe5 39.Kd2 Kd6 40.Kc3 Kc5 
41.a3 e5 42.Kc2 d4 43.Kd2 Kd5 44.Ke2 Kd6 45.Kd2 Ke6 46.Ke2 Kf5 47.Ke1 Ke6 
48.Ke2 Kd5 1/2-1/2

[Event "14th ECh U20 Girls"]
[Site "Tallinn EST"]
[Date "1997.09.17"]
[Round "8"]
[White "Martyniuk, Tatiana"]
[Black "Abbasova, Aiguioun"]
[Result "1-0"]
[WhiteElo "2120"]
[BlackElo "2190"]
[EventDate "1997.09.10"]
[PlyCount "55"]

1.e4 c5 2.Nf3 d6 3.g3 Nc6 4.Bg2 g6 5.O-O Bg7 6.d3 e5 7.Nc3 Nge7 8.h3 O-O 
9.Bg5 h6 10.Be3 Be6 11.Qd2 Kh7 12.Ne2 Nd4 13.Nh2 Qd7 14.h4 Rac8 15.c3 
Nxe2+ 16.Qxe2 f5 17.f4 d5 18.h5 exf4 19.gxf4 d4 20.Bd2 c4 21.exf5 Bxf5 22.
Rfe1 Rfe8 23.dxc4 dxc3 24.Bxc3 Bxc3 25.bxc3 gxh5 26.Rad1 Qc7 27.Qxh5 Qxf4 
28.Qf7+ 1-0

[Event "14th ECh U20 Girls"]
[Site "Tallinn EST"]
[Date "1997.09.17"]
[Round "8"]
[White "Jap Tjoen San, Linda"]
[Black "Andreescu, Nicoleta Aurora"]
[Result "1/2-1/2"]
[WhiteElo "2175"]
[BlackElo "2120"]
[EventDate "1997.09.10"]
[PlyCount "102"]

1.e4 c5 2.Nf3 d6 3.d4 cxd4 4.Nxd4 Nf6 5.Nc3 a6 6.a4 e5 7.Nf3 Be6 8.Bg5 
Nbd7 9.Be2 Be7 10.O-O Qa5 11.Bxf6 Nxf6 12.Ng5 Bd7 13.Bc4 O-O 14.Nf3 Rac8 
15.Bd5 Bc6 16.Bxc6 bxc6 17.Qe2 Rfe8 18.Rfb1 Bf8 19.b4 Qb6 20.a5 Qb7 21.Na4
d5 22.Nd2 Qa7 23.Nb6 Rcd8 24.Rb3 c5 25.b5 c4 26.Rbb1 c3 27.Nf1 Nxe4 28.
Nxd5 Rxd5 29.b6 Qd7 30.Qxe4 Bc5 31.Rb3 Bd4 32.g3 f5 33.Qe2 Qb7 34.Ne3 Bxe3
35.Qxe3 Red8 36.Re1 Rxa5 37.Qxc3 Rad5 38.Qc7 R8d7 39.Qxb7 Rxb7 40.Ra1 a5 
41.Ra4 Rc5 42.Kg2 Kf7 43.h4 Ke6 44.c3 Kd6 45.Rba3 Rxb6 46.Rxa5 Rxa5 47.
Rxa5 Rb7 48.Ra6+ Kd5 49.Ra5+ Kd6 50.Ra6+ Kd5 51.Ra5+ Kd6 1/2-1/2

[Event "14th ECh U20 Girls"]
[Site "Tallinn EST"]
[Date "1997.09.17"]
[Round "8"]
[White "Smajlovic, Lejla"]
[Black "Vark, Liina"]
[Result "1/2-1/2"]
[WhiteElo "2130"]
[BlackElo "2040"]
[EventDate "1997.09.10"]
[PlyCount "81"]

1.e4 e5 2.Nf3 Nc6 3.d4 exd4 4.Nxd4 Bc5 5.Nf5 Qf6 6.Nc3 Nge7 7.Ne3 O-O 8.
Bd3 Ne5 9.Be2 d6 10.O-O Qg6 11.Bh5 Qf6 12.Ned5 Nxd5 13.Nxd5 Qd8 14.Be3 
Bxe3 15.Nxe3 Be6 16.Be2 Nd7 17.Qd4 Qf6 18.c3 Qe7 19.b3 Ne5 20.Rad1 Nc6 21.
Qd2 Rae8 22.Bb5 Bd7 23.Nd5 Qd8 24.Rfe1 a6 25.Bd3 Ne7 26.Nf4 Ng6 27.Bc2 
Nxf4 28.Qxf4 Qe7 29.Re3 Qe5 30.Qh4 Qe7 31.Qf4 Qe5 32.Qh4 Qe7 33.Qg3 Qe6 
34.h3 Bc8 35.Qh4 Qe7 36.Qh5 Qe5 37.Qh4 Qe7 38.Qg3 Qe6 39.Qg5 Qe5 40.Qh4 
Qe7 41.Qg3 1/2-1/2

[Event "14th ECh U20 Girls"]
[Site "Tallinn EST"]
[Date "1997.09.18"]
[Round "9"]
[White "Tkeshelashvili, Sopio"]
[Black "Bobrowska, Monika"]
[Result "1-0"]
[WhiteElo "2270"]
[BlackElo "2360"]
[EventDate "1997.09.10"]
[PlyCount "47"]

1.d4 e6 2.Nf3 d5 3.c4 c6 4.Nc3 Nf6 5.Bg5 Be7 6.e3 Nbd7 7.Rc1 h6 8.Bh4 O-O 
9.Bd3 dxc4 10.Bxc4 b5 11.Bd3 a6 12.O-O Bb7 13.Bxf6 Nxf6 14.Ne4 Qd5 15.
Nxf6+ Bxf6 16.Bb1 Be7 17.Qd3 g6 18.Ne5 c5 19.f3 Bd6 20.Nxg6 f5 21.dxc5 
Bxc5 22.Qc3 Kh7 23.Nxf8+ Rxf8 24.Rfd1 1-0

[Event "14th ECh U20 Girls"]
[Site "Tallinn EST"]
[Date "1997.09.18"]
[Round "9"]
[White "Mashinskaya, Yulia"]
[Black "Radziewicz, Iweta"]
[Result "1-0"]
[WhiteElo "2265"]
[BlackElo "2220"]
[EventDate "1997.09.10"]
[PlyCount "85"]

1.e4 e6 2.d3 d5 3.Qe2 dxe4 4.dxe4 e5 5.Nf3 Nc6 6.c3 Nf6 7.Qc2 a5 8.Bb5 Bd7
9.O-O Bd6 10.Nbd2 O-O 11.a4 Qe7 12.Nc4 Nd8 13.Nxd6 Qxd6 14.b3 Bxb5 15.axb5
Re8 16.Rd1 Qb6 17.c4 Ne6 18.Bb2 Nc5 19.Nxe5 Nfxe4 20.Nd3 Nxd3 21.Rxd3 Qg6 
22.Rd5 b6 23.Bd4 Rad8 24.Rxd8 Rxd8 25.Be3 Qd6 26.f3 Nc5 27.Re1 Ne6 28.Qf2 
Qd3 29.f4 Qxb3 30.f5 Nf8 31.f6 Qxc4 32.fxg7 Ng6 33.Bg5 Rc8 34.h4 h6 35.
Bxh6 Qxh4 36.Qe3 Kh7 37.Bg5 Qg4 38.Bf6 Nf4 39.Qe4+ Kg8 40.Qe8+ Rxe8 41.
Rxe8+ Kh7 42.Rh8+ Kg6 43.g8=Q+ 1-0

[Event "14th ECh U20 Girls"]
[Site "Tallinn EST"]
[Date "1997.09.18"]
[Round "9"]
[White "Lomineishvili, Maia"]
[Black "Martyniuk, Tatiana"]
[Result "1-0"]
[WhiteElo "2350"]
[BlackElo "2120"]
[EventDate "1997.09.10"]
[PlyCount "67"]

1.d4 Nf6 2.Nf3 g6 3.c4 c5 4.d5 b5 5.cxb5 a6 6.b6 d6 7.Nc3 Nbd7 8.e4 Bg7 9.
a4 Qxb6 10.a5 Qc7 11.Nd2 O-O 12.Nc4 Bb7 13.Be2 Rfe8 14.O-O Rad8 15.Bf4 Bf8
16.Bg5 h6 17.Bh4 Bg7 18.f4 Nf8 19.Bf3 Rd7 20.e5 dxe5 21.fxe5 N6h7 22.Bg4 
e6 23.d6 Qb8 24.Qe2 Bc6 25.Nb6 Rb7 26.Bf3 Bxf3 27.Qxf3 Bxe5 28.d7 Nxd7 29.
Qxf7+ Kh8 30.Nxd7 Bd4+ 31.Kh1 Qc8 32.Qxg6 Qxd7 33.Rad1 Rxb2 34.Rf7 1-0

[Event "14th ECh U20 Girls"]
[Site "Tallinn EST"]
[Date "1997.09.18"]
[Round "9"]
[White "Savitskaya, Ekaterina"]
[Black "Ilchuk, Elena"]
[Result "0-1"]
[WhiteElo "2260"]
[BlackElo "2180"]
[EventDate "1997.09.10"]
[PlyCount "72"]

1.d4 d5 2.c4 c6 3.Nf3 Nf6 4.Nc3 a6 5.c5 g6 6.Bf4 Bg7 7.h3 Nbd7 8.e3 O-O 9.
Bd3 Ne8 10.O-O Nc7 11.Bh2 Re8 12.b4 e5 13.dxe5 Nxe5 14.Nxe5 Bxe5 15.Bxe5 
Rxe5 16.Ne2 Qh4 17.Qd2 Bxh3 18.gxh3 Qxh3 19.Ng3 h5 20.e4 h4 21.Ne2 dxe4 
22.Bc4 e3 23.Bxf7+ Kxf7 24.fxe3+ Kg8 25.Nf4 Rg5+ 26.Kf2 Qg3+ 27.Ke2 Nd5 
28.Nxd5 Rxd5 29.Qc3 Qg4+ 30.Ke1 Rad8 31.Qb3 Kg7 32.Rf4 Qg1+ 33.Rf1 Qg3+ 
34.Rf2 Rf5 35.Qb2+ Kh7 36.Kf1 Rdf8 0-1

[Event "14th ECh U20 Girls"]
[Site "Tallinn EST"]
[Date "1997.09.18"]
[Round "9"]
[White "Javakhishvili, Eka"]
[Black "Kononenko, Tatiana"]
[Result "0-1"]
[WhiteElo "2105"]
[BlackElo "2275"]
[EventDate "1997.09.10"]
[PlyCount "82"]

1.d4 d5 2.c4 c6 3.Nc3 Nf6 4.cxd5 cxd5 5.Bf4 Nc6 6.e3 Bf5 7.Nf3 e6 8.Ne5 
Nd7 9.Nxc6 bxc6 10.Ba6 Qb6 11.Qe2 Be7 12.O-O O-O 13.Rfc1 c5 14.Na4 Qb4 15.
Bb5 e5 16.Nc3 Be6 17.Bxe5 Nxe5 18.dxe5 d4 19.a3 Qb3 20.Ba4 Qb6 21.exd4 
cxd4 22.Ne4 Rfd8 23.Bb5 Rab8 24.a4 Rd5 25.Rc6 Qd8 26.Nd6 Bxd6 27.Rxd6 Rxd6
28.exd6 Qxd6 29.Re1 Qb4 30.h3 Rd8 31.Rd1 g6 32.Qd2 Qb3 33.Rc1 a6 34.Bxa6 
Qxa4 35.Qd3 Bf5 36.Qc4 Qxc4 37.Bxc4 d3 38.Rd1 d2 39.Bb3 Rb8 40.Ba4 Rb4 41.
b3 Rd4 0-1

[Event "14th ECh U20 Girls"]
[Site "Tallinn EST"]
[Date "1997.09.18"]
[Round "9"]
[White "Abbasova, Aiguioun"]
[Black "Jap Tjoen San, Linda"]
[Result "0-1"]
[WhiteElo "2190"]
[BlackElo "2175"]
[EventDate "1997.09.10"]
[PlyCount "96"]

1.e4 c5 2.Nf3 d6 3.d4 cxd4 4.Nxd4 Nf6 5.Nc3 a6 6.a4 e6 7.Be2 Be7 8.Be3 Qc7
9.O-O O-O 10.f4 Nc6 11.Kh1 Rd8 12.Bf3 Ne5 13.fxe5 dxe5 14.Nxe6 Bxe6 15.Qe1
Rac8 16.Qg3 Kh8 17.a5 Re8 18.Bg5 Qc5 19.Qh4 Qb4 20.Rab1 Bc4 21.Rf2 Qxa5 
22.Be2 Bxe2 23.Rxe2 Qb6 24.Re3 Ng8 25.Rh3 Qg6 26.Rg3 Qe6 27.Rf1 h6 28.Bxe7
Nxe7 29.Qh5 Rf8 30.Rgf3 Kg8 31.h3 b5 32.Rg3 Rc6 33.Rd1 Ng6 34.Qe2 Nf4 35.
Qf2 Rd6 36.Kh2 Rfd8 37.Rxd6 Qxd6 38.Qf3 Qf6 39.Nd1 Rd2 40.Ne3 Kh7 41.Ng4 
Qe6 42.Qc3 Rd4 43.Qe3 h5 44.Nf2 Qc4 45.c3 Rd6 46.Qa7 Rf6 47.Qe3 Qf1 48.Rg5
Rd6 0-1

[Event "14th ECh U20 Girls"]
[Site "Tallinn EST"]
[Date "1997.09.18"]
[Round "9"]
[White "Aksiuczyc, Monika"]
[Black "Ciganikova, Andrea"]
[Result "1/2-1/2"]
[WhiteElo "2180"]
[BlackElo "2140"]
[EventDate "1997.09.10"]
[PlyCount "115"]

1.e4 c5 2.Nf3 e6 3.d4 cxd4 4.Nxd4 Nf6 5.Nc3 Nc6 6.Ndb5 Bb4 7.a3 Bxc3+ 8.
Nxc3 d5 9.exd5 exd5 10.Bg5 d4 11.Qe2+ Be6 12.Ne4 Qa5+ 13.Bd2 Qe5 14.Ng5 
Bf5 15.Qxe5+ Nxe5 16.Bb5+ Bd7 17.Bxd7+ Nfxd7 18.O-O-O d3 19.Rde1 O-O 20.f4
Ng4 21.h3 Ngf6 22.Bb4 Rfc8 23.c3 h6 24.Ne4 a5 25.Bd6 Rc6 26.Be5 Nxe4 27.
Rxe4 Nc5 28.Re3 Rd8 29.Rd1 a4 30.Kb1 d2 31.Re2 Nb3 32.f5 Rd5 33.g4 Rd3 34.
h4 f6 35.Bh2 Kf7 36.Re4 b5 37.Kc2 Rd4 38.Rxd4 Nxd4+ 39.Kd3 Nb3 40.Bf4 Rc4 
41.Ke3 g5 42.fxg6+ Kxg6 43.h5+ Kg7 44.Kf3 f5 45.gxf5 Rc5 46.Kg4 Rc4 47.Kf3
Rc5 48.Ke4 Kf6 49.Bxd2 Re5+ 50.Kf3 Nxd2+ 51.Rxd2 Rxf5+ 52.Kg4 Rg5+ 53.Kh4 
Rc5 54.Rd6+ Kg7 55.Rg6+ Kh7 56.Rd6 Kg7 57.Rd7+ Kg8 58.Rd6 1/2-1/2